[Event "Oberpfalz-ch M1"]
[Site "Bad Koetzting"]
[Date "2018.03.27"]
[Round "7"]
[White "Tassell, Pierre"]
[Black "Landstorfer, Raphael"]
[Result "1-0"]
[WhiteElo "2040"]
[BlackElo "1867"]
[PlyCount "109"]
[EventDate "2018.03.24"]
[EventType "swiss"]
[EventRounds "8"]
[EventCountry "GER"]
[SourceTitle "EXT 2020"]
[Source "ChessBase"]
[SourceDate "2019.10.17"]
[SourceVersion "1"]
[SourceVersionDate "2019.10.17"]
[SourceQuality "1"]

1. d4 d5 2. c4 c6 3. Nf3 Nf6 4. Nc3 dxc4 5. a4 Bf5 6. Ne5 Nbd7 7. Nxc4 Nb6 8. Ne5 a5 9. g3 Nfd7 10. Nd3 Bxd3 11. Qxd3 g6 12. Bg2 Bg7 13. 0-0 0-0 14. Rd1 e5 15. d5 e4 16. Qxe4 Nc5 17. Qc2 Bxc3 18. bxc3 Qf6 19. dxc6 bxc6 20. Be3 Nbxa4 21. Rxa4 Nxa4 22. Qxa4 Qxc3 23. Qxc6 Qxc6 24. Bxc6 Rac8 25. Bf3 Rc4 26. Ra1 a4 27. Bd5 Rc2 28. Kf1 Rd8 29. Be4 Rc4 30. Bd3 Rb4 31. Bc5 Rbb8 32. Rxa4 Ra8 33. Rxa8 Rxa8 34. e4 Rd8 35. Ke2 Kg7 36. f4 h5 37. h3 Rb8 38. Ke3 Rb3 39. g4 hxg4 40. hxg4 Rb7 41. e5 Rc7 42. Kd4 Rb7 43. f5 gxf5 44. gxf5 Rd7+ 45. Ke4 Rc7 46. Kd5 Rd7+ 47. Bd6 Ra7 48. Bb5 Ra5 49. Kc6 Ra1 50. e6 Kf6 51. e7 Re1 52. Kd7 Kxf5 53. e8Q Rxe8 54. Kxe8 f6 55. Kf7 1-0

[Event "Oberpfalz-ch M1"]
[Site "Bad Koetzting"]
[Date "2018.03.25"]
[Round "4"]
[White "Tassell, Pierre"]
[Black "Bunk, Wolfgang"]
[Result "0-1"]
[WhiteElo "2040"]
[BlackElo "1925"]
[PlyCount "114"]
[EventDate "2018.03.24"]
[EventType "swiss"]
[EventRounds "8"]
[EventCountry "GER"]
[SourceTitle "EXT 2020"]
[Source "ChessBase"]
[SourceDate "2019.10.17"]
[SourceVersion "1"]
[SourceVersionDate "2019.10.17"]
[SourceQuality "1"]

1. d4 Nf6 2. c4 e6 3. Nc3 Bb4 4. e3 0-0 5. Nge2 d5 6. a3 Be7 7. cxd5 exd5 8. Nf4 c6 9. Bd3 Nbd7 10. 0-0 Re8 11. Re1 Nf8 12. f3 Ng6 13. Nxg6 fxg6 14. Kh1 Be6 15. Bd2 Rf8 16. Ne2 Bf5 17. Bc3 Bd6 18. Qd2 Nh5 19. Bxf5 gxf5 20. Bb4 Re8 21. Bxd6 Qxd6 22. Nf4 Nf6 23. Nd3 Nd7 24. Qb4 Qxb4 25. Nxb4 a5 26. Nd3 Re7 27. Kg1 Nb6 28. Ne5 Nc4 29. Nxc4 dxc4 30. Rac1 b5 31. Kf2 Rd8 32. g3 g5 33. f4 gxf4 34. gxf4 Re6 35. Rg1+ Rg6 36. Rxg6+ hxg6 37. Ke2 Kf7 38. Rg1 Rh8 39. Rg2 Rh3 40. Kf2 Ke6 41. Rxg6+ Kd5 42. Rf6 Rxh2+ 43. Kf3 Rh3+ 44. Kf2 Rh5 45. Kg2 b4 46. axb4 axb4 47. Rf8 c3 48. bxc3 bxc3 49. Re8 c2 50. Re5+ Kc4 51. Rc5+ Kd3 52. Rxc6 Kd2 53. d5 c1Q 54. Rxc1 Kxc1 55. d6 Rh6 56. Kf2 Rxd6 57. e4 Rd4 0-1

[Event "Bayern-ch"]
[Site "Rosenheim"]
[Date "2017.08.21"]
[Round "2"]
[White "Miller, Eduard"]
[Black "Tassell, Pierre"]
[Result "1-0"]
[WhiteElo "2319"]
[BlackElo "2070"]
[PlyCount "40"]
[EventDate "2017.08.20"]
[EventType "swiss"]
[EventRounds "9"]
[EventCountry "GER"]
[SourceTitle "EXT 2019"]
[Source "ChessBase"]
[SourceDate "2018.10.10"]
[SourceVersion "1"]
[SourceVersionDate "2018.10.10"]
[SourceQuality "1"]

1. Nf3 b6 2. g3 Bb7 3. Bg2 f5 4. 0-0 Nf6 5. d3 g6 6. e4 fxe4 7. Ng5 Bg7 8. dxe4 e6 9. e5 Bxg2 10. Kxg2 Nd5 11. c4 h6 12. cxd5 hxg5 13. dxe6 Nc6 14. Bxg5 Qc8 15. exd7+ Qxd7 16. Qxd7+ Kxd7 17. f4 Nd4 18. Nc3 Ke6 19. Rad1 c5 20. Rd3 Rhc8 1-0

[Event "Regensburg Donau Cup"]
[Site "Regensburg"]
[Date "2017.05.28"]
[Round "7"]
[White "Tassell, Pierre"]
[Black "Vlaar, Shannon"]
[Result "1/2-1/2"]
[WhiteElo "2049"]
[BlackElo "1835"]
[PlyCount "116"]
[EventDate "2017.05.24"]
[EventType "swiss"]
[EventRounds "7"]
[EventCountry "GER"]
[SourceTitle "CBM 178 Extra"]
[Source "ChessBase"]
[SourceDate "2017.06.22"]
[SourceVersion "1"]
[SourceVersionDate "2017.06.22"]
[SourceQuality "1"]

1. d4 Nf6 2. c4 c5 3. d5 e6 4. Nc3 exd5 5. cxd5 d6 6. Nf3 g6 7. Bf4 Bg7 8. Qa4+ Bd7 9. Qb3 Qc7 10. e4 0-0 11. Nd2 Re8 12. Be2 a6 13. a4 Bc8 14. 0-0 Nbd7 15. h3 Kh8 16. Bh2 Ng8 17. Nc4 Ne5 18. Nb6 Rb8 19. a5 f5 20. f4 Nf7 21. Nxc8 Qxc8 22. exf5 Qxf5 23. Bg4 Qd3 24. Rad1 Qe3+ 25. Kh1 Nfh6 26. Be6 Nf5 27. Rf3 Nd4 28. Rxe3 Nxb3 29. f5 Nxa5 30. fxg6 Nc4 31. Re2 Nxb2 32. Rxb2 Bxc3 33. Rb6 Be5 34. Bxe5+ dxe5 35. gxh7 Nh6 36. Rc1 Kxh7 37. Rxc5 Re7 38. Kg1 Kg7 39. g4 Nf7 40. Bxf7 Kxf7 41. d6 Re6 42. Kf2 Kf6 43. h4 Rd8 44. Rd5 a5 45. Rxa5 Rexd6 46. Rab5 Rc6 47. Rxc6+ bxc6 48. Rc5 Rd6 49. Ke3 Ke6 50. h5 Kf6 51. Ke4 Rd4+ 52. Kf3 Rd3+ 53. Kg2 Kg5 54. Rxe5+ Kxg4 55. Rc5 Rd2+ 56. Kf1 Rd6 57. Ke2 Rh6 58. Ke3 Rxh5 1/2-1/2

[Event "Regensburg Donau Cup"]
[Site "Regensburg"]
[Date "2017.05.27"]
[Round "6"]
[White "Fuchs, Stefan"]
[Black "Tassell, Pierre"]
[Result "1/2-1/2"]
[WhiteElo "1913"]
[BlackElo "2049"]
[PlyCount "43"]
[EventDate "2017.05.24"]
[EventType "swiss"]
[EventRounds "7"]
[EventCountry "GER"]
[SourceTitle "CBM 178 Extra"]
[Source "ChessBase"]
[SourceDate "2017.06.22"]
[SourceVersion "1"]
[SourceVersionDate "2017.06.22"]
[SourceQuality "1"]

1. d4 Nf6 2. c4 e6 3. Nc3 Bb4 4. Qc2 0-0 5. a3 Bxc3+ 6. Qxc3 d5 7. Bg5 dxc4 8. Qxc4 b6 9. Rc1 Ba6 10. Qa4 Qd7 11. Qxd7 Nbxd7 12. Bxf6 Nxf6 13. Nf3 c5 14. dxc5 bxc5 15. e3 Bxf1 16. Rxf1 Rab8 17. Rc2 Rfd8 18. Ke2 Kf8 19. Rd1 Rd5 20. h3 Ne4 21. Rdc1 Ke7 22. Re1 1/2-1/2

[Event "Regensburg Donau Cup"]
[Site "Regensburg"]
[Date "2017.05.26"]
[Round "4"]
[White "Sammet, Dominik"]
[Black "Tassell, Pierre"]
[Result "1/2-1/2"]
[WhiteElo "1803"]
[BlackElo "2049"]
[PlyCount "67"]
[EventDate "2017.05.24"]
[EventType "swiss"]
[EventRounds "7"]
[EventCountry "GER"]
[SourceTitle "CBM 178 Extra"]
[Source "ChessBase"]
[SourceDate "2017.06.22"]
[SourceVersion "1"]
[SourceVersionDate "2017.06.22"]
[SourceQuality "1"]

1. e4 c5 2. Nf3 Nc6 3. d4 cxd4 4. Nxd4 e5 5. Nb5 d6 6. N1c3 a6 7. Na3 Be7 8. Nd5 Nf6 9. Nxe7 Qxe7 10. Bg5 h6 11. Bxf6 Qxf6 12. Nc4 0-0 13. Nb6 Rb8 14. Nxc8 Rbxc8 15. Bd3 Ne7 16. 0-0 Rfd8 17. Qe2 Ng6 18. g3 Ne7 19. Rad1 d5 20. exd5 Rxd5 21. Rfe1 Rcd8 22. Be4 Rxd1 23. Rxd1 Nc6 24. Bxc6 Rxd1+ 25. Qxd1 Qxc6 26. Qe2 f6 27. c3 b5 28. f3 Kf7 29. Kg2 Qd5 30. b3 Ke6 31. Qe3 Qd6 32. g4 Qd1 33. Qb6+ Kf7 34. Qb7+ 1/2-1/2

[Event "Regensburg Donau Cup"]
[Site "Regensburg"]
[Date "2017.05.24"]
[Round "1"]
[White "Tassell, Pierre"]
[Black "Erhard, Walter"]
[Result "1-0"]
[WhiteElo "2049"]
[BlackElo "1319"]
[PlyCount "65"]
[EventDate "2017.05.24"]
[EventType "swiss"]
[EventRounds "7"]
[EventCountry "GER"]
[SourceTitle "CBM 178 Extra"]
[Source "ChessBase"]
[SourceDate "2017.06.22"]
[SourceVersion "1"]
[SourceVersionDate "2017.06.22"]
[SourceQuality "1"]

1. d4 Nf6 2. c4 g6 3. Nc3 Bg7 4. e4 d6 5. Nf3 0-0 6. Be2 c5 7. 0-0 cxd4 8. Nxd4 Nc6 9. Be3 Bd7 10. f3 a6 11. Qd2 Rc8 12. Rfc1 Qa5 13. a3 Ne5 14. Nd5 Qd8 15. b4 Nc6 16. Rab1 Ne8 17. Nxc6 Bxc6 18. Nb6 Rb8 19. b5 axb5 20. cxb5 Bd7 21. Nxd7 Qxd7 22. b6 Rc8 23. Bb5 Rxc1+ 24. Qxc1 Qd8 25. Qc4 Nf6 26. Qc7 Qa8 27. a4 Rc8 28. Qxe7 Ne8 29. Rc1 Bf6 30. Rxc8 Qxc8 31. Qxe8+ Qxe8 32. Bxe8 Kf8 33. Bd7 1-0

[Event "Oberpfalz-ch M1"]
[Site "Windischeschenbach"]
[Date "2017.04.11"]
[Round "7"]
[White "Tassell, Pierre"]
[Black "Paar, Johannes"]
[Result "1-0"]
[WhiteElo "2067"]
[BlackElo "1982"]
[PlyCount "79"]
[EventDate "2017.04.08"]
[EventType "swiss"]
[EventRounds "8"]
[EventCountry "GER"]
[SourceTitle "EXT 2020"]
[Source "ChessBase"]
[SourceDate "2019.10.17"]
[SourceVersion "1"]
[SourceVersionDate "2019.10.17"]
[SourceQuality "1"]

1. d4 Nf6 2. c4 g6 3. Nc3 Bg7 4. e4 d6 5. Nf3 0-0 6. Be2 e5 7. 0-0 Nc6 8. Be3 Ng4 9. Bg5 f6 10. Bc1 f5 11. Bg5 Qd7 12. exf5 exd4 13. Nd5 Rxf5 14. b4 Kh8 15. h4 Rf7 16. b5 Nce5 17. Nxd4 c6 18. Ne3 Nxe3 19. Bxe3 Qe8 20. h5 Be6 21. hxg6 hxg6 22. Nxe6 Qxe6 23. Rc1 Bf6 24. Bd4 Kg7 25. f4 Nd7 26. Bf3 Bxd4+ 27. Qxd4+ Nf6 28. bxc6 bxc6 29. Bxc6 Rh8 30. Bd5 Qg4 31. Bxf7 Kxf7 32. Qxa7+ Nd7 33. f5 Rd8 34. fxg6+ Kxg6 35. Qf2 Rf8 36. Qc2+ Kg7 37. Rxf8 Nxf8 38. Qc3+ Kg6 39. Rf1 Nd7 40. Qd3+ 1-0

[Event "Oberpfalz-ch M1"]
[Site "Windischeschenbach"]
[Date "2017.04.08"]
[Round "2"]
[White "Stoeckl, Stephan"]
[Black "Tassell, Pierre"]
[Result "1/2-1/2"]
[WhiteElo "2097"]
[BlackElo "2067"]
[PlyCount "67"]
[EventDate "2017.04.08"]
[EventType "swiss"]
[EventRounds "8"]
[EventCountry "GER"]
[SourceTitle "EXT 2020"]
[Source "ChessBase"]
[SourceDate "2019.10.17"]
[SourceVersion "1"]
[SourceVersionDate "2019.10.17"]
[SourceQuality "1"]

1. Nf3 c5 2. c4 Nc6 3. g3 g6 4. Bg2 Bg7 5. 0-0 d6 6. Nc3 Qd7 7. d3 Bxc3 8. bxc3 b6 9. Rb1 Bb7 10. Be3 0-0-0 11. Qa4 Kb8 12. Ng5 Rf8 13. Rb2 Ne5 14. Qxd7 Nxd7 15. a4 Bxg2 16. Kxg2 h6 17. Nf3 a5 18. Rfb1 Kc7 19. d4 Ra8 20. h4 Ngf6 21. Bf4 Ne4 22. Rb3 f6 23. Nd2 Nxd2 24. Bxd2 g5 25. Rh1 Rag8 26. Rbb1 e5 27. Be3 e4 28. f3 exf3+ 29. exf3 Re8 30. Kf2 Nb8 31. f4 g4 32. Rbd1 f5 33. Rhe1 Nd7 34. dxc5 1/2-1/2

[Event "Regionalliga NO 1617"]
[Site "Bayern"]
[Date "2017.04.02"]
[Round "8.6"]
[White "Tassell, Pierre"]
[Black "Goetz, Andreas"]
[Result "1/2-1/2"]
[WhiteElo "2040"]
[BlackElo "2012"]
[PlyCount "52"]
[EventDate "2016.10.16"]
[EventType "team-tourn"]
[EventRounds "9"]
[EventCountry "GER"]
[SourceTitle "EXT 2019"]
[Source "ChessBase"]
[SourceDate "2018.10.10"]
[SourceVersion "1"]
[SourceVersionDate "2018.10.10"]
[SourceQuality "1"]
[WhiteTeam "Regensburg Bavaria"]
[BlackTeam "Erlangen SC II"]
[WhiteTeamCountry "GER"]
[BlackTeamCountry "GER"]

1. e4 e5 2. Nf3 Nf6 3. Nxe5 d6 4. Nf3 Nxe4 5. Nc3 Nxc3 6. dxc3 Be7 7. Bf4 Nc6 8. Qd2 Bg4 9. Bb5 0-0 10. Bxc6 bxc6 11. h3 Be6 12. Nd4 c5 13. Nc6 Qd7 14. Nxe7+ Qxe7 15. 0-0 Qd7 16. b3 Rfe8 17. c4 Qc6 18. Rfe1 Bf5 19. c3 Rxe1+ 20. Rxe1 Re8 21. Rxe8+ Qxe8 22. b4 cxb4 23. cxb4 h6 24. c5 dxc5 25. bxc5 c6 26. Qe3 Qxe3 1/2-1/2

[Event "Regionalliga NO 1617"]
[Site "Bayern"]
[Date "2017.02.19"]
[Round "6.7"]
[White "Eichstaedt, Timm"]
[Black "Tassell, Pierre"]
[Result "0-1"]
[WhiteElo "1954"]
[BlackElo "2040"]
[PlyCount "80"]
[EventDate "2016.10.16"]
[EventType "team-tourn"]
[EventRounds "9"]
[EventCountry "GER"]
[SourceTitle "EXT 2019"]
[Source "ChessBase"]
[SourceDate "2018.10.10"]
[SourceVersion "1"]
[SourceVersionDate "2018.10.10"]
[SourceQuality "1"]
[WhiteTeam "Herzogenaurach II"]
[BlackTeam "Regensburg Bavaria"]
[WhiteTeamCountry "GER"]
[BlackTeamCountry "GER"]

1. Nf3 c5 2. b3 d5 3. Bb2 Nc6 4. e3 e6 5. c4 Nf6 6. Be2 d4 7. d3 e5 8. exd4 exd4 9. 0-0 Bd6 10. Re1 0-0 11. Nbd2 h6 12. Bf1 Bf5 13. a3 a5 14. Ne4 Nxe4 15. dxe4 Bh7 16. Bd3 Re8 17. g3 g5 18. Qd2 Qd7 19. Nxg5 hxg5 20. Qxg5+ Bg6 21. f4 Be7 22. Qh6 Bf8 23. Qg5 Qe7 24. Qg4 Bg7 25. h4 Bh7 26. Re2 Qe6 27. Qf3 f6 28. Rae1 Rf8 29. Kg2 Qf7 30. g4 Rad8 31. Bc1 Qd7 32. g5 fxg5 33. hxg5 Ne5 34. Qg3 Nxd3 35. Qxd3 Qg4+ 36. Kh1 Rxf4 37. Bxf4 Qxf4 38. Qh3 Re8 39. Kg1 Bxe4 40. Rxe4 Rxe4 0-1

[Event "Regionalliga NO 1617"]
[Site "Bayern"]
[Date "2017.01.15"]
[Round "4.6"]
[White "Tassell, Pierre"]
[Black "Brack, Johannes"]
[Result "1-0"]
[WhiteElo "2040"]
[BlackElo "1885"]
[PlyCount "129"]
[EventDate "2016.10.16"]
[EventType "team-tourn"]
[EventRounds "9"]
[EventCountry "GER"]
[SourceTitle "EXT 2019"]
[Source "ChessBase"]
[SourceDate "2018.10.10"]
[SourceVersion "1"]
[SourceVersionDate "2018.10.10"]
[SourceQuality "1"]
[WhiteTeam "Regensburg Bavaria"]
[BlackTeam "Regensburg Turnerschaft"]
[WhiteTeamCountry "GER"]
[BlackTeamCountry "GER"]

1. d4 d5 2. c4 c6 3. cxd5 cxd5 4. Nc3 Nf6 5. f3 e6 6. e4 dxe4 7. fxe4 Bb4 8. Qd3 Nc6 9. Nf3 Qa5 10. Bd2 0-0 11. e5 Nd5 12. a3 Rd8 13. Rd1 Bxc3 14. bxc3 Qxa3 15. Ng5 f5 16. exf6 Nxf6 17. Be2 Qe7 18. 0-0 Bd7 19. Ne4 Nxe4 20. Qxe4 Rf8 21. Bd3 Rf5 22. g4 Rxf1+ 23. Rxf1 g6 24. Bh6 Re8 25. g5 Nd8 26. Qe5 Nc6 27. Qf4 Nd8 28. Qe5 Nc6 29. Qc7 Nd8 30. Bb5 Nc6 31. Bxc6 bxc6 32. Qxa7 e5 33. dxe5 Bf5 34. Qxe7 Rxe7 35. Ra1 Rxe5 36. Ra7 Be4 37. Rg7+ Kh8 38. Rc7 Kg8 39. Rg7+ Kh8 40. Rf7 Re8 41. Bg7+ Kg8 42. Rc7 Bd5 43. Bf6 Re2 44. Rg7+ Kf8 45. Rxh7 Rc2 46. h4 Rg2+ 47. Kf1 Rh2 48. Be5 Rh3 49. Kf2 Be4 50. Bg3 Bd5 51. Rd7 Rh1 52. Ke3 Rc1 53. Kd4 Rd1+ 54. Ke5 Rd3 55. Bf4 Rxc3 56. Kf6 Ke8 57. Re7+ Kd8 58. Bc7+ Kc8 59. Kxg6 Rh3 60. h5 c5 61. h6 c4 62. h7 c3 63. Kg7 c2 64. Bf4 Kd8 65. Re1 1-0

[Event "Regionalliga NO 1516"]
[Site "Bayern"]
[Date "2016.03.13"]
[Round "8.6"]
[White "Tassell, Pierre"]
[Black "Bassermann, Andreas"]
[Result "1-0"]
[WhiteElo "2008"]
[BlackElo "1778"]
[PlyCount "45"]
[EventDate "2015.10.11"]
[EventType "team-tourn"]
[EventRounds "9"]
[EventCountry "GER"]
[SourceTitle "EXT 2018"]
[Source "ChessBase"]
[SourceDate "2017.10.13"]
[SourceVersion "1"]
[SourceVersionDate "2017.10.13"]
[SourceQuality "1"]
[WhiteTeam "Regensburg Bavaria"]
[BlackTeam "Regensburg Turnerschaft"]
[WhiteTeamCountry "GER"]
[BlackTeamCountry "GER"]

1. d4 d5 2. c4 e6 3. Nc3 Nf6 4. Nf3 Be7 5. Bf4 0-0 6. e3 Nh5 7. Bg3 Nxg3 8. hxg3 dxc4 9. Qc2 g6 10. Bxc4 c6 11. 0-0-0 Nd7 12. Ne5 Nxe5 13. dxe5 Qc7 14. f4 b5 15. Be2 Qb6 16. Bf3 Rb8 17. Ne4 Qxe3+ 18. Kb1 f5 19. exf6 Bxf6 20. Nxf6+ Rxf6 21. Rd8+ Kg7 22. Qxc6 Rf7 23. Qe8 1-0

[Event "Regionalliga NO 1516"]
[Site "Bayern"]
[Date "2016.01.31"]
[Round "6.6"]
[White "Tassell, Pierre"]
[Black "Hepting, Heinrich"]
[Result "0-1"]
[WhiteElo "2008"]
[BlackElo "2051"]
[PlyCount "84"]
[EventDate "2015.10.11"]
[EventType "team-tourn"]
[EventRounds "9"]
[EventCountry "GER"]
[SourceTitle "EXT 2018"]
[Source "ChessBase"]
[SourceDate "2017.10.13"]
[SourceVersion "1"]
[SourceVersionDate "2017.10.13"]
[SourceQuality "1"]
[WhiteTeam "Regensburg Bavaria"]
[BlackTeam "Zirndorf"]
[WhiteTeamCountry "GER"]
[BlackTeamCountry "GER"]

1. d4 Nf6 2. c4 g6 3. Nc3 Bg7 4. e4 d6 5. Nf3 0-0 6. Be2 e5 7. 0-0 Nc6 8. d5 Ne7 9. Ne1 Nd7 10. Be3 f5 11. f3 f4 12. Bf2 g5 13. Rc1 Ng6 14. Nb5 b6 15. b4 Nf6 16. c5 Rf7 17. cxd6 cxd6 18. Nd3 Bf8 19. Qb3 g4 20. Rc4 Rg7 21. Rfc1 g3 22. hxg3 Nh5 23. g4 Ng3 24. Bxg3 fxg3 25. Kf1 Rf7 26. Ke1 Bd7 27. Nc7 Rb8 28. Ne6 Qh4 29. Nxf8 Rbxf8 30. Kd2 Qh2 31. Ne1 Nf4 32. Qe3 Bb5 33. a4 Bxc4 34. Rxc4 Nxg2 35. Nxg2 Qxg2 36. Qg5+ Kh8 37. Rc6 Qf2 38. Qe3 Rxf3 39. Qxf2 gxf2 40. Rxd6 Ra3 41. Bf1 Ra1 42. Bc4 Rxa4 0-1

[Event "Regionalliga NO 1516"]
[Site "Bayern"]
[Date "2016.01.17"]
[Round "5.6"]
[White "Paar, Johannes"]
[Black "Tassell, Pierre"]
[Result "1/2-1/2"]
[WhiteElo "1976"]
[BlackElo "2008"]
[PlyCount "138"]
[EventDate "2015.10.11"]
[EventType "team-tourn"]
[EventRounds "9"]
[EventCountry "GER"]
[SourceTitle "EXT 2018"]
[Source "ChessBase"]
[SourceDate "2017.10.13"]
[SourceVersion "1"]
[SourceVersionDate "2017.10.13"]
[SourceQuality "1"]
[WhiteTeam "Schwandorf"]
[BlackTeam "Regensburg Bavaria"]
[WhiteTeamCountry "GER"]
[BlackTeamCountry "GER"]

1. d4 Nf6 2. c4 e6 3. Nf3 Bb4+ 4. Bd2 a5 5. Nc3 0-0 6. e3 d6 7. Bd3 Qe7 8. Qc2 Bxc3 9. Qxc3 Nbd7 10. 0-0 e5 11. dxe5 dxe5 12. e4 Re8 13. Bg5 Nc5 14. h3 b6 15. Rfe1 Bb7 16. Nh2 Qe6 17. f3 Nfd7 18. Ng4 Qg6 19. Bh4 h5 20. Ne3 Ne6 21. Kh2 Ndc5 22. Bf1 f6 23. Rad1 Qf7 24. Bf2 Red8 25. Nd5 Nd7 26. b3 Bxd5 27. cxd5 Nec5 28. d6 Qe8 29. dxc7 Rdc8 30. Bb5 Rxc7 31. Rxd7 Rxd7 32. Bxc5 bxc5 33. Rd1 Rxd1 34. Bxe8 Rxe8 35. Qxc5 Ra8 36. f4 exf4 37. Qxh5 Rdd8 38. Qf5 Re8 39. Qd5+ Kf8 40. a3 Rad8 41. Qxa5 g5 42. a4 Rd7 43. Qf5 Rf7 44. b4 Kg7 45. Qd5 Re5 46. Qc6 Rfe7 47. b5 Rxe4 48. a5 Re2 49. a6 R7e3 50. Qb7+ Kg6 51. a7 f3 52. Qxf3 Rxf3 53. a8Q Rff2 54. b6 Rb2 55. Qe4+ Kh6 56. b7 Rf4 57. Qe7 Rfb4 58. Qxf6+ Kh5 59. Qh8+ Kg6 60. Qg8+ Kf6 61. Qd8+ Kg6 62. Qe8+ Kf6 63. Qc6+ Kg7 64. Qd5 Kf6 65. Qd8+ Kg6 66. Qg8+ Kf6 67. Qd8+ Kg6 68. Qd6+ Kg7 69. Qe5+ Kg6 1/2-1/2

[Event "Oberpfalz-ch M1"]
[Site "Schwandorf"]
[Date "2015.03.31"]
[Round "7"]
[White "Tassell, Pierre"]
[Black "Berisha, Shpend"]
[Result "1/2-1/2"]
[WhiteElo "2047"]
[BlackElo "2006"]
[PlyCount "76"]
[EventDate "2015.03.28"]
[EventType "swiss"]
[EventRounds "8"]
[EventCountry "GER"]
[SourceTitle "EXT 2022"]
[Source "ChessBase"]
[SourceDate "2021.10.06"]
[SourceVersion "1"]
[SourceVersionDate "2021.10.06"]
[SourceQuality "1"]

1. d4 Nf6 2. c4 c5 3. d5 d6 4. Nc3 Bf5 5. f3 e5 6. e4 Bd7 7. Bd3 Na6 8. Nge2 h6 9. Be3 Nb4 10. a3 Nxd3+ 11. Qxd3 Be7 12. 0-0 g5 13. Ng3 a6 14. b4 b6 15. bxc5 bxc5 16. Rab1 Qc7 17. Nf5 Bxf5 18. exf5 0-0 19. h4 Nh5 20. hxg5 hxg5 21. Ne4 f6 22. g4 Ng7 23. Rb3 Rfb8 24. Rfb1 Kf7 25. R1b2 Ne8 26. Bd2 Bd8 27. Qb1 Rxb3 28. Rxb3 Ra7 29. Rb8 Qd7 30. Be1 Qc7 31. a4 Qd7 32. a5 Ng7 33. Qb3 Ne8 34. Qb2 Kg8 35. Qh2 Rb7 36. Rxb7 Qxb7 37. Qh5 Qf7 38. Qxf7+ Kxf7 1/2-1/2

[Event "Oberpfalz-ch M1"]
[Site "Schwandorf"]
[Date "2015.03.30"]
[Round "6"]
[White "Gruber, Roland"]
[Black "Tassell, Pierre"]
[Result "1-0"]
[WhiteElo "2085"]
[BlackElo "2047"]
[PlyCount "65"]
[EventDate "2015.03.28"]
[EventType "swiss"]
[EventRounds "8"]
[EventCountry "GER"]
[SourceTitle "EXT 2022"]
[Source "ChessBase"]
[SourceDate "2021.10.06"]
[SourceVersion "1"]
[SourceVersionDate "2021.10.06"]
[SourceQuality "1"]

1. d4 Nf6 2. Nf3 e6 3. e3 d5 4. Bd3 c5 5. c3 Nc6 6. Nbd2 Bd6 7. 0-0 0-0 8. Qe2 Qc7 9. dxc5 Bxc5 10. b4 Bd6 11. Bb2 e5 12. e4 Bg4 13. exd5 Nxd5 14. Bxh7+ Kh8 15. Bb1 Nf4 16. Qe3 f5 17. Nc4 Bxf3 18. Qxf3 e4 19. Qe3 Ne5 20. Nxe5 Bxe5 21. Bc2 Rf6 22. g3 Rg6 23. Rad1 a5 24. Kh1 Rh6 25. b5 g5 26. f3 Ne6 27. Kg2 Qh7 28. Rh1 g4 29. fxg4 Rg8 30. Rd7 Nf4+ 31. Qxf4 Bxf4 32. Rxh7+ Rxh7 33. c4+ 1-0

[Event "Regionalliga NO 1415"]
[Site "Bayern"]
[Date "2015.03.15"]
[Round "8.4"]
[White "Tassell, Pierre"]
[Black "Hirn, Erwin"]
[Result "1/2-1/2"]
[WhiteElo "2008"]
[BlackElo "1956"]
[PlyCount "56"]
[EventDate "2014.10.19"]
[EventType "team-tourn"]
[EventRounds "9"]
[EventCountry "GER"]
[SourceTitle "EXT 2018"]
[Source "ChessBase"]
[SourceDate "2017.10.13"]
[SourceVersion "1"]
[SourceVersionDate "2017.10.13"]
[SourceQuality "1"]
[WhiteTeam "Regensburg Bavaria"]
[BlackTeam "Nuernberg Sued SW II"]
[WhiteTeamCountry "GER"]
[BlackTeamCountry "GER"]

1. d4 d5 2. c4 e6 3. Nc3 Nf6 4. cxd5 exd5 5. Bg5 Be7 6. e3 c6 7. Bd3 h6 8. Bf4 Bd6 9. Nge2 Bxf4 10. Nxf4 Qe7 11. Qc2 g5 12. Ncxd5 Nxd5 13. Nxd5 Qd6 14. Nc3 Be6 15. 0-0-0 Nd7 16. h4 0-0-0 17. hxg5 hxg5 18. Rxh8 Rxh8 19. d5 cxd5 20. Nb5+ Qc5 21. Nxa7+ Kb8 22. Nb5 Rh2 23. Bf1 g4 24. Kb1 Qxc2+ 25. Kxc2 Bf5+ 26. Kc3 Be4 27. Bd3 Bxg2 28. Bf5 Bf3 1/2-1/2

[Event "Oberpfalz-ch M1"]
[Site "Sinzing"]
[Date "2014.04.15"]
[Round "7"]
[White "Etlender, Roman"]
[Black "Tassell, Pierre"]
[Result "1-0"]
[WhiteElo "2176"]
[BlackElo "2039"]
[PlyCount "123"]
[EventDate "2014.04.12"]
[EventType "swiss"]
[EventRounds "8"]
[EventCountry "GER"]
[SourceTitle "EXT 2022"]
[Source "ChessBase"]
[SourceDate "2021.10.06"]
[SourceVersion "1"]
[SourceVersionDate "2021.10.06"]
[SourceQuality "1"]

1. c4 c5 2. g3 g6 3. Bg2 Bg7 4. Nc3 Nc6 5. e3 d6 6. Nge2 Nf6 7. 0-0 0-0 8. d4 cxd4 9. exd4 Bf5 10. h3 Rb8 11. b3 a6 12. Be3 Qa5 13. Qd2 Rfc8 14. g4 Bd7 15. d5 Nd8 16. a4 Qb4 17. Nd4 Ne8 18. Rab1 Bxd4 19. Qxd4 b5 20. axb5 axb5 21. Ne4 bxc4 22. bxc4 Qxb1 23. Rxb1 Rxb1+ 24. Bf1 e5 25. dxe6 Nxe6 26. Qd3 Rcb8 27. Nd2 R1b4 28. Bg2 Rc8 29. Qc3 Ra4 30. Qb3 Ra1+ 31. Kh2 Bc6 32. Bd5 Bxd5 33. cxd5 N6g7 34. Ne4 f5 35. Ng5 fxg4 36. hxg4 Nf6 37. Bd4 Nxg4+ 38. Kg2 Rac1 39. Qf3 Ne5 40. Qf6 Rf8 41. Qxd6 Nf7 42. Qa3 Nxg5 43. Qxc1 Nf5 44. Qxg5 Nxd4 45. d6 Ne6 46. Qe7 Nd8 47. d7 Nf7 48. Qe8 Kg7 49. Kf1 g5 50. Kg2 h5 51. Kg3 Kg8 52. Qe7 Rd8 53. Kf3 Kg7 54. Ke4 h4 55. Kf5 h3 56. Qf6+ Kg8 57. Ke6 Rf8 58. Qxf7+ Rxf7 59. d8Q+ Kg7 60. Qxg5+ Kf8 61. Qh6+ Ke8 62. Qg6 1-0

[Event "Oberpfalz-ch M1"]
[Site "Sinzing"]
[Date "2014.04.12"]
[Round "2"]
[White "Tassell, Pierre"]
[Black "Riedl, Maximilian"]
[Result "1-0"]
[WhiteElo "2039"]
[BlackElo "2007"]
[PlyCount "81"]
[EventDate "2014.04.12"]
[EventType "swiss"]
[EventRounds "8"]
[EventCountry "GER"]
[SourceTitle "EXT 2022"]
[Source "ChessBase"]
[SourceDate "2021.10.06"]
[SourceVersion "1"]
[SourceVersionDate "2021.10.06"]
[SourceQuality "1"]

1. d4 d5 2. c4 e5 3. dxe5 d4 4. Nf3 Nc6 5. g3 Be6 6. b3 Qd7 7. Bg2 0-0-0 8. 0-0 Bh3 9. Nbd2 h5 10. Bxh3 Qxh3 11. Ng5 Qd7 12. Ndf3 Nh6 13. a3 f6 14. exf6 gxf6 15. Ne4 Qe6 16. Bxh6 Bxh6 17. Qd3 h4 18. Nxh4 Bg5 19. Nxg5 fxg5 20. Qf5 Rhe8 21. Qxe6+ Rxe6 22. Ng2 Rxe2 23. f4 g4 24. Rf2 d3 25. Rd1 Nd4 26. Kf1 Rxf2+ 27. Kxf2 Nxb3 28. Ne3 Nc5 29. Nxg4 Rd4 30. Ne5 d2 31. Ke3 Nb3 32. h4 c5 33. h5 b5 34. Nf3 Rxc4 35. Nxd2 Rc3+ 36. Ke4 Rxg3 37. Nxb3 Rxb3 38. Rh1 Rg3 39. h6 Rg8 40. h7 Rh8 41. Kf5 1-0